00915nam a22002297a 4500999001700000003000900017008004100026040007100067082001500138100001700153245003500170260003000205300007200235505014400307650001700451650002100468650002100489700004300510942001600553945002100569952009500590 c18379d18379AR-CdUCM190513b ||||| |||| 00| 0 spa d aMUNICIPALIDAD PROVINCIAL DEL CUSCOcBIBLIOTECA MUNICIPAL DEL CUSCO a551 /bK25 aKatscher, F. aLas fuerzas de la naturaleza / aBarcelona :bZeus,c1965. a726 páginas ;bfiguras, láminas, ilustraciones, tablas,c21 cm. aContenido: ¿Qué es el calor? -- ¿Qué es la energía? -- ¿Qué es la electricidad? -- ¿Qué es la luz? -- ¿Qué es la materia?. aMateria9883 aEnergía915841 aNaturaleza94241 aGodo Costa, Juan (traducción)938927 2ddccLIBROS aachld2019-05-13 002ddc4070aSCbSCcCARTd2019-05-13g50.00o551 / K25pSC0000001612r2019-05-13yLIBROS